El mercantilismo: política económica y estado nacional
Uloženo v:
| Hlavní autoři: | , |
|---|---|
| Médium: | Kniha |
| Jazyk: | španělština |
| Vydáno: |
Madrid
Síntesis
1998
|
| Edice: | Historia del Pensamiento Económico, 2
|
| Témata: | |
| Tagy: |
Přidat tag
Žádné tagy, Buďte první, kdo vytvoří štítek k tomuto záznamu!
|
MARC
| LEADER | 00000nam a2200000 a 4500 | ||
|---|---|---|---|
| 001 | UCN2904 | ||
| 003 | CL-VaPUC | ||
| 008 | 010615e19980000SP |||||||||||||||||spa|d | ||
| 082 | 0 | 4 | |a 330.1513 |b PER |2 21 |
| 100 | 0 | |a Perdices de Blas, Luis |e author |9 459173 | |
| 700 | 0 | |a Reeder, John |e author |9 459174 | |
| 245 | 1 | 3 | |a El mercantilismo: política económica y estado nacional |
| 300 | |a 319 p | ||
| 942 | |c BK | ||
| 945 | |d 20010615 00:00:00 |a cmena | ||
| 260 | |a Madrid |b Síntesis |c 1998 | ||
| 650 | 7 | |a MERCANTILISMO |2 CL-VaPUC |9 313449 | |
| 650 | 0 | |a Política económica |9 255029 | |
| 650 | 0 | |a Historia económica |9 307218 | |
| 650 | 0 | |a Tratados internacionales |9 256056 | |
| 650 | 7 | |a COMERCIO INTERNACIONAL |2 CL-VaPUC |9 459175 | |
| 650 | 0 | |a Industrialización |9 263687 | |
| 583 | |a last modification |c 20010615 00:00:00 |k Rodrigo Vera | ||
| 490 | 0 | |a Historia del Pensamiento Económico, 2 | |
| 999 | |c 295923 |d 295921 | ||
| 952 | |0 0 |1 0 |4 0 |6 330_151300000000000_PER_1998 |7 0 |8 A |9 349366 |a BIBHIS |b BIBHIS |d 2019-11-20 |i 3709949 |o 330.1513 PER 1998 |p 3709949 |r 2025-01-20 |w 2019-11-20 |y BK |k HIS | ||